Toulky horami Regionu Beskydy : kapesní turistická mapa

Language: Slovak
Czech
Published: [Frýdek-Místek] : [Region Beskydy], [2015]
Physical Description: 1 mapa : obě strany, barevná ; na listu 24 x 65 cm, složeno na 9 x 5 cm, vlepeno v tvrdých papírových deskách
Language note: Místní jména a text česky a částečně slovensky
Map
Saved in:
LEADER 02321nem a2200577 i 4500
001 nkc20152736196
003 CZ PrNK
005 20160524095323.0
007 aj canzn
008 151015s2015 xr ag a 0 cze
015 |a cnb002736196 
020 |a 978-80-260-8937-7  |q (v mapě neuvedeno) 
034 1 |a a  |b 50000  |d E0181900  |e E0183937  |f N0493558  |g N0492405 
040 |a ABA001  |b cze  |e rda 
041 0 |a cze  |a slo 
043 |a e-xr---  |b e-xr-mo  |a e-xo---  |2 czenas 
072 7 |a 913(437)  |x Geografie Česka a Slovenska, reálie, cestování  |2 Konspekt  |9 7 
072 7 |a 912  |x Mapy. Atlasy. Glóby  |2 Konspekt  |9 7 
080 |a 913:338.483.1  |2 MRF 
080 |a 796.5  |2 MRF 
080 |a 796.61  |2 MRF 
080 |a 913(437.326)  |2 MRF 
080 |a 913(437.6)  |2 MRF 
080 |a 913(4-191.2)  |2 MRF 
080 |a (234.372.4)  |2 MRF 
080 |a (084.3)796.5  |2 MRF 
080 |a (084.3)796.61  |2 MRF 
245 0 0 |a Toulky horami Regionu Beskydy :  |b kapesní turistická mapa 
255 |a Měřítko 1:50 000  |c (E 18°19'00"--E 18°39'37"/N 49°35'58"--N 49°24'05") 
264 1 |a [Frýdek-Místek] :  |b [Region Beskydy],  |c [2015] 
300 |a 1 mapa :  |b obě strany, barevná ;  |c na listu 24 x 65 cm, složeno na 9 x 5 cm, vlepeno v tvrdých papírových deskách 
336 |a kartografický obraz  |b cri  |2 rdacontent 
337 |a bez média  |b n  |2 rdamedia 
338 |a list  |b nb  |2 rdacarrier 
500 |a Stručný vlastivědný text, barevné fotografie 
546 |a Místní jména a text česky a částečně slovensky 
650 0 7 |a turistické zajímavosti  |7 ph126800  |z Česko  |2 czenas 
650 0 7 |a turistické zajímavosti  |7 ph126800  |z Slovensko  |2 czenas 
650 0 7 |a turistika  |7 ph116506  |z Česko  |2 czenas 
650 0 7 |a turistika  |7 ph116506  |z Slovensko  |2 czenas 
650 0 7 |a cykloturistika  |7 ph114274  |z Česko  |2 czenas 
650 0 7 |a cykloturistika  |7 ph114274  |z Slovensko  |2 czenas 
651 7 |a Frýdlant nad Ostravicí (Česko : oblast)  |7 ge242353  |2 czenas 
651 7 |a Beskydy (pohoří)  |7 ge128756  |2 czenas 
655 7 |a turistické mapy  |7 fd133737  |2 czenas 
655 7 |a cykloturistické mapy  |7 fd131996  |2 czenas 
910 2 |a BOA001  |b Mp2-1368.731 
990 |a MP 
995 |a 01 
991 |b 201605  |c NOV 
996 6 |b 2610671088  |c Mp2-1368.731  |l MZK  |r Sklad / do 1 hodiny  |n 0  |p p.v.  |w 001562344  |u 000010  |a 1  |e BOA001  |j MZK50  |s P